00983nam a2200205 a 450000500170000000800410001702000150005804000350007304100080010804400070011608200190012324502190014226000920036130000690045365000540052265000500057665100660062670000450069270000400073720180227112115.0070305s2006 ck ao gr 00010 spa d a9586559211 aCO-BoBLA cCO-BoBLAdCO-BoIAVH0 aspa ack04a918.6126bC41t00aCerros tutelares de Medellín : buna narración visual a través de sus diferentes escenarios / ctextos Mauricio Muñoz Zapata, Jorge L. Vásquez Muñoz ; fotografías Mauricio Muñoz Zapata ... [et al.]. aMedellín : bAlcaldía de Medellín: bSecretaría Ambiente de Medellín, c2006. a136 páginas : bilustraciones, fotos ; c22 x 28 centímetros16aMontañaszMedellín (Colombia)vFotografías.26aProtección ambientalzMedellín (Colombia)24aMedellín (Colombia)xDescripciones y viajesvFotografías.1 aMuñoz Zapata, Mauricio, efotografía1 aVásquez Muñoz, Jorge L.etextos